00498nam a2200181Ia 45000030006000000050017000060080041000230400009000640410012000730820018000851000030001032450033001332600020001663000008001869420007001949990017002019520098002180Nust20170105110257.0161124s9999 xx 000 0 und d cIGIS aEnglish a912.7563bBUK aSyed Siad Badshah Bukhari aLand cover Atlas of Pakistan aphot copyc2012 a226 cBK c30998d30998 001040708TextaIGISbIGISd0000-00-00l0o912.7563BUKpIGIS846r2017-01-05w0000-00-00yBK